[Event "St Petersburg Korchnoi Memorial op"]
[Site "St Petersburg"]
[Date "2024.08.18"]
[Round "4"]
[White "Benko, Larisa"]
[Black "Dmitriev, Valery"]
[Result "0-1"]
[WhiteElo "1414"]
[BlackElo "1612"]
[PlyCount "86"]
[EventDate "2024.08.17"]
[EventType "swiss"]
[EventRounds "9"]
[EventCountry "RUS"]
[SourceTitle "CBM 221 Extra"]
[Source "ChessBase"]
[SourceDate "2024.09.30"]
[SourceVersion "1"]
[SourceVersionDate "2024.09.30"]
[SourceQuality "1"]

1. d4 g6 2. Nc3 Bg7 3. Bf4 d6 4. e3 Nf6 5. h3 Nh5 6. Qd2 Nxf4 7. exf4 0-0 8. 0-0-0 c6 9. h4 a5 10. h5 b5 11. hxg6 fxg6 12. g3 b4 13. Ne4 Bf5 14. f3 Nd7 15. Qh2 h5 16. g4 Bxe4 17. fxe4 Nf6 18. gxh5 Nxh5 19. Be2 Bh6 20. Bxh5 Bxf4+ 21. Qxf4 Rxf4 22. Bxg6 e6 23. Bh7+ Kg7 24. Ne2 Rh4 25. Rdg1+ Kxh7 26. Nf4 Qf6 27. Nh3 Qh6+ 28. Ng5+ Qxg5+ 29. Rxg5 Rxh1+ 30. Kd2 Rh2+ 31. Ke3 Rxc2 32. Rh5+ Kg6 33. Rh3 Rxb2 34. Kf4 Rf8+ 35. Ke3 Rxa2 36. Rg3+ Kh5 37. Rg1 Ra3+ 38. Kd2 Rf2+ 39. Ke1 Rf4 40. Rh1+ Kg5 41. Rg1+ Rg4 42. Rf1 Rxe4+ 43. Kd2 Rxd4+ 0-1

[Event "St Petersburg Korchnoi Memorial op"]
[Site "St Petersburg"]
[Date "2024.08.17"]
[Round "1"]
[White "Dmitriev, Valery"]
[Black "Tolstykh, Kirill"]
[Result "0-1"]
[WhiteElo "1612"]
[BlackElo "1963"]
[PlyCount "70"]
[EventDate "2024.08.17"]
[EventType "swiss"]
[EventRounds "9"]
[EventCountry "RUS"]
[SourceTitle "CBM 221 Extra"]
[Source "ChessBase"]
[SourceDate "2024.09.30"]
[SourceVersion "1"]
[SourceVersionDate "2024.09.30"]
[SourceQuality "1"]

1. e4 c6 2. Nf3 d5 3. exd5 cxd5 4. Bb5+ Bd7 5. Qe2 Nc6 6. c4 dxc4 7. Bxc4 Nf6 8. 0-0 e6 9. d4 Be7 10. Nc3 0-0 11. a3 a6 12. Re1 b5 13. Bd3 b4 14. Ne4 bxa3 15. bxa3 Na5 16. Rb1 Bc6 17. Nxf6+ Bxf6 18. Ne5 Bd5 19. Bd2 Nc6 20. Nxc6 Bxc6 21. Bb4 Qd5 22. Qg4 Rfd8 23. Bc5 Bxd4 24. Qh3 Qxc5 25. Qxh7+ Kf8 26. Rec1 Qd5 27. Rxc6 Qxc6 28. Be4 Qc8 29. Qh8+ Ke7 30. Qh3 Rb8 31. Rf1 Qc5 32. g3 Rb2 33. Qh4+ g5 34. Qh5 Rxf2 35. Rxf2 Bxf2+ 0-1

[Event "Sterlitamak op"]
[Site "Sterlitamak"]
[Date "2011.07.05"]
[Round "9"]
[White "Dmitriev, Valery"]
[Black "Karimov, Zakir"]
[Result "1-0"]
[WhiteElo "1862"]
[BlackElo "2049"]
[PlyCount "75"]
[EventDate "2011.06.27"]
[EventType "swiss"]
[EventRounds "9"]
[EventCountry "RUS"]
[SourceTitle "EXT 2012"]
[Source "ChessBase"]
[SourceDate "2011.11.24"]
[SourceVersion "1"]
[SourceVersionDate "2011.11.24"]
[SourceQuality "1"]

1. e4 c5 2. Nf3 d6 3. d4 cxd4 4. Nxd4 Nf6 5. Nc3 a6 6. a4 b6 7. Bc4 Bb7 8. f3 e6 9. Bb3 Be7 10. 0-0 0-0 11. Nce2 d5 12. e5 Nfd7 13. f4 Nc5 14. c3 Nxb3 15. Qxb3 Nd7 16. Qc2 Nc5 17. Be3 g6 18. Rf3 Ne4 19. Ng3 Qc7 20. Nxe4 dxe4 21. Rh3 Rfd8 22. Qf2 b5 23. Qg3 Qc4 24. f5 exf5 25. Nxf5 Bc5 26. Nd6 Bxd6 27. exd6 Qe6 28. Bd4 f5 29. Be5 Rd7 30. axb5 axb5 31. Rxa8+ Bxa8 32. Bf4 Ra7 33. Qe3 Ra1+ 34. Kf2 Qc4 35. Kg3 Qf1 36. Be5 Qe1+ 37. Qxe1 Rxe1 38. d7 1-0

[Event "Kostroma Volga Cup op"]
[Site "Kostroma"]
[Date "2010.07.??"]
[Round "1"]
[White "Dmitriev, Valery"]
[Black "Kurukin, Dmitry"]
[Result "0-1"]
[WhiteElo "1895"]
[BlackElo "2258"]
[PlyCount "72"]
[EventDate "2010.07.??"]
[EventType "swiss"]
[EventRounds "9"]
[EventCountry "RUS"]
[SourceTitle "EXT 2011"]
[Source "ChessBase"]
[SourceDate "2010.11.26"]
[SourceVersion "1"]
[SourceVersionDate "2010.11.26"]
[SourceQuality "1"]

1. e4 c5 2. Nf3 d6 3. d4 cxd4 4. Nxd4 Nf6 5. Nc3 a6 6. a4 e5 7. Nf3 Qc7 8. Be2 Be7 9. 0-0 0-0 10. Bg5 Be6 11. Bxf6 Bxf6 12. Nd5 Bxd5 13. Qxd5 Nd7 14. c3 Be7 15. Nd2 Rad8 16. Qd3 Nc5 17. Qd5 Kh8 18. g3 Bg5 19. Nf3 Bh6 20. b4 Nd7 21. Qb3 Rc8 22. Rfc1 Nf6 23. Qc2 Qc6 24. b5 axb5 25. axb5 Qxe4 26. Qxe4 Nxe4 27. Ra7 Nxc3 28. Re1 Rb8 29. Bf1 g6 30. Nxe5 Bd2 31. Nd7 Bxe1 32. Nxf8 Rxf8 33. Rxb7 Ne4 34. Re7 Bxf2+ 35. Kg2 f5 36. Bc4 Bc5 0-1

[Event "Kostroma Volga Cup op"]
[Site "Kostroma"]
[Date "2010.07.??"]
[Round "4"]
[White "Frolov, Ivan"]
[Black "Dmitriev, Valery"]
[Result "0-1"]
[WhiteElo "2202"]
[BlackElo "1895"]
[PlyCount "74"]
[EventDate "2010.07.??"]
[EventType "swiss"]
[EventRounds "9"]
[EventCountry "RUS"]
[SourceTitle "EXT 2011"]
[Source "ChessBase"]
[SourceDate "2010.11.26"]
[SourceVersion "1"]
[SourceVersionDate "2010.11.26"]
[SourceQuality "1"]

1. e4 c5 2. c3 d5 3. e5 Nc6 4. d4 Bf5 5. Bb5 cxd4 6. Bxc6+ bxc6 7. Qxd4 e6 8. f4 Be4 9. Qf2 Nh6 10. Nd2 Bg6 11. Ndf3 Be7 12. h3 Qa5 13. Be3 Nf5 14. g4 Nxe3 15. Qxe3 Be4 16. Rh2 0-0 17. Nd2 Bh4+ 18. Kd1 Qa6 19. Ngf3 Bxf3+ 20. Qxf3 Qb6 21. Kc2 a5 22. Rg2 Be7 23. f5 f6 24. Qf4 c5 25. Nf3 Ra7 26. g5 fxe5 27. Qxe5 Rxf5 28. Qg3 Rb7 29. Rb1 a4 30. Rgg1 d4 31. h4 Qc6 32. Nd2 Bd6 33. Qg4 Bf4 34. Nc4 Qe4+ 35. Kd1 Qxb1+ 36. Ke2 Qc2+ 37. Ke1 dxc3 0-1

[Event "Samara-ch"]
[Site "Samara"]
[Date "2010.04.28"]
[Round "8"]
[White "Malyshev, Vasily"]
[Black "Dmitriev, Valery"]
[Result "1/2-1/2"]
[WhiteElo "2024"]
[BlackElo "1878"]
[PlyCount "63"]
[EventDate "2010.04.21"]
[EventType "swiss"]
[EventRounds "9"]
[EventCountry "RUS"]
[SourceTitle "EXT 2012"]
[Source "ChessBase"]
[SourceDate "2011.11.24"]
[SourceVersion "1"]
[SourceVersionDate "2011.11.24"]
[SourceQuality "1"]

1. e4 c5 2. Nf3 d6 3. d4 cxd4 4. Nxd4 Nf6 5. Nc3 g6 6. Be3 Bg7 7. f3 0-0 8. Qd2 Nc6 9. Bc4 Nxd4 10. Bxd4 a6 11. a4 Qa5 12. Bb3 Bd7 13. 0-0 Qh5 14. Be3 Rfc8 15. a5 Bb5 16. Rfe1 Bc4 17. Bxc4 Rxc4 18. Na4 Rac8 19. c3 Nd7 20. Bg5 Kf8 21. h4 Ne5 22. Nb6 h6 23. Bf4 Qxh4 24. Nxc8 Rxc8 25. Bh2 g5 26. Rf1 g4 27. Qf2 Qxf2+ 28. Rxf2 gxf3 29. gxf3 Rc5 30. Bxe5 Bxe5 31. f4 Bg7 32. Rf3 1/2-1/2

[Event "Samara-ch"]
[Site "Samara"]
[Date "2010.04.26"]
[Round "6"]
[White "Dmitriev, Valery"]
[Black "Shmyrov, Maxim"]
[Result "1-0"]
[WhiteElo "1878"]
[BlackElo "1901"]
[PlyCount "127"]
[EventDate "2010.04.21"]
[EventType "swiss"]
[EventRounds "9"]
[EventCountry "RUS"]
[SourceTitle "EXT 2012"]
[Source "ChessBase"]
[SourceDate "2011.11.24"]
[SourceVersion "1"]
[SourceVersionDate "2011.11.24"]
[SourceQuality "1"]

1. e4 c5 2. Nf3 d6 3. d4 cxd4 4. Nxd4 Nf6 5. Nc3 g6 6. f3 Bg7 7. Be3 0-0 8. Qd2 Nc6 9. Bc4 Bd7 10. 0-0-0 Ne5 11. Bb3 Rc8 12. Kb1 a6 13. g4 b5 14. h4 b4 15. Nd5 Nxd5 16. Bxd5 e6 17. Bb7 Nc4 18. Qe2 Nxe3 19. Qxe3 Rc4 20. Bxa6 Rxd4 21. Rxd4 Qb6 22. Rhd1 Bxd4 23. Qxd4 Qxa6 24. Qxb4 d5 25. c4 Ra8 26. a3 Ba4 27. b3 Be8 28. exd5 exd5 29. Rxd5 Qxa3 30. Qxa3 Rxa3 31. Kb2 Ra7 32. b4 Kf8 33. b5 Ke7 34. b6 Rb7 35. c5 Bc6 36. Rd3 Rd7 37. Re3+ Kd8 38. Kc3 Rd5 39. Kc4 f5 40. Rb3 Kc8 41. b7+ Kb8 42. Rb6 fxg4 43. fxg4 Rd1 44. Rxc6 Kxb7 45. Re6 Rg1 46. Re4 Kc6 47. Re6+ Kc7 48. Kd5 Rxg4 49. Re7+ Kd8 50. Rxh7 g5 51. h5 Rh4 52. h6 g4 53. Kd6 Ke8 54. c6 g3 55. c7 Rc4 56. Rh8+ Kf7 57. c8Q Rxc8 58. Rxc8 g2 59. Rc1 Kg6 60. Ke6 Kxh6 61. Kf5 Kh5 62. Rg1 Kh4 63. Rxg2 Kh3 64. Rg8 1-0

[Event "Komi-ch"]
[Site "Ukhta"]
[Date "2010.02.16"]
[Round "6"]
[White "Petrosyan, Arsen"]
[Black "Dmitriev, Valery"]
[Result "1-0"]
[WhiteElo "1923"]
[BlackElo "1878"]
[PlyCount "49"]
[EventDate "2010.02.11"]
[EventType "swiss"]
[EventRounds "10"]
[EventCountry "RUS"]
[SourceTitle "CBM 135 Extra"]
[Source "ChessBase"]
[SourceDate "2010.05.04"]
[SourceVersion "1"]
[SourceVersionDate "2010.05.04"]
[SourceQuality "1"]

1. e4 e6 2. d4 d5 3. e5 c5 4. c3 Nc6 5. Nf3 Qb6 6. a3 cxd4 7. cxd4 Nge7 8. b4 Nf5 9. Bd3 Bd7 10. Bf1 Bc8 11. Be3 Be7 12. Bd3 Nxe3 13. fxe3 0-0 14. 0-0 f6 15. exf6 Bxf6 16. Nc3 Rd8 17. Kh1 Kh8 18. Rc1 a6 19. Rc2 e5 20. Nxe5 Nxe5 21. dxe5 Bxe5 22. Qh5 Qh6 23. Qxe5 Bg4 24. Rcf2 Re8 25. Qxe8+ 1-0

[Event "Komi-ch"]
[Site "Ukhta"]
[Date "2010.02.14"]
[Round "4"]
[White "Martynov, Denis"]
[Black "Dmitriev, Valery"]
[Result "0-1"]
[WhiteElo "2000"]
[BlackElo "1878"]
[PlyCount "65"]
[EventDate "2010.02.11"]
[EventType "swiss"]
[EventRounds "10"]
[EventCountry "RUS"]
[SourceTitle "CBM 135 Extra"]
[Source "ChessBase"]
[SourceDate "2010.05.04"]
[SourceVersion "1"]
[SourceVersionDate "2010.05.04"]
[SourceQuality "1"]

1. d4 Nf6 2. c4 g6 3. Nf3 Bg7 4. Nc3 d6 5. e4 0-0 6. Be2 Nbd7 7. h3 e5 8. d5 Nc5 9. Qc2 a5 10. b3 Ncxe4 11. Nxe4 Nxe4 12. Qxe4 f5 13. Qb1 e4 14. Bg5 Qe8 15. Nd2 h6 16. Bxh6 Bxh6 17. Qc2 e3 18. Nf3 exf2+ 19. Kxf2 Be3+ 20. Kf1 Qf7 21. Bd3 Bd7 22. Re1 Rae8 23. Re2 Qf6 24. Qb2 Qxb2 25. Rxb2 Bc5 26. Re2 a4 27. h4 Rxe2 28. Kxe2 axb3 29. axb3 Ra8 30. Bc2 Ra2 31. Kd3 b5 32. h5 f4 33. Bd1 0-1

[Event "Samara-chB"]
[Site "Samara"]
[Date "2009.12.12"]
[Round "7"]
[White "Dmitriev, Valery"]
[Black "Chernenko, Alexander"]
[Result "1-0"]
[WhiteElo "1882"]
[BlackElo "1981"]
[PlyCount "43"]
[EventDate "2009.12.06"]
[EventType "swiss"]
[EventRounds "9"]
[EventCountry "RUS"]
[SourceTitle "EXT 2012"]
[Source "ChessBase"]
[SourceDate "2011.11.24"]
[SourceVersion "1"]
[SourceVersionDate "2011.11.24"]
[SourceQuality "1"]

1. e4 c5 2. Nf3 a6 3. a4 Nc6 4. d4 cxd4 5. Nxd4 Nf6 6. Nc3 Qb6 7. Nb3 d6 8. Be3 Qb4 9. f3 Be6 10. a5 Bxb3 11. cxb3 d5 12. exd5 Ne5 13. Ra4 Qd6 14. Ne4 Nxe4 15. fxe4 e6 16. Bc4 0-0-0 17. 0-0 f6 18. h3 exd5 19. Bxd5 Kb8 20. Qd4 Nc6 21. Qb6 Rc8 22. Bf4 1-0

[Event "Samara-chB"]
[Site "Samara"]
[Date "2009.12.06"]
[Round "1"]
[White "Dmitriev, Valery"]
[Black "Palachev, Petr"]
[Result "0-1"]
[WhiteElo "1882"]
[BlackElo "2169"]
[PlyCount "100"]
[EventDate "2009.12.06"]
[EventType "swiss"]
[EventRounds "9"]
[EventCountry "RUS"]
[SourceTitle "EXT 2012"]
[Source "ChessBase"]
[SourceDate "2011.11.24"]
[SourceVersion "1"]
[SourceVersionDate "2011.11.24"]
[SourceQuality "1"]

1. e4 c6 2. Nf3 d5 3. e5 Bf5 4. d4 e6 5. Bd3 Bxd3 6. Qxd3 Qa5+ 7. Bd2 Qa6 8. Qe3 Nd7 9. Nc3 Ne7 10. Qe2 Qxe2+ 11. Nxe2 c5 12. dxc5 Nc6 13. b4 a5 14. c3 Ndxe5 15. Ned4 Nxf3+ 16. Nxf3 Be7 17. 0-0 axb4 18. cxb4 Bf6 19. a4 Bxa1 20. Rxa1 f6 21. b5 Na5 22. Bxa5 Rxa5 23. Nd4 Kd7 24. c6+ bxc6 25. Nxc6 Raa8 26. Kf1 Rhc8 27. Ke2 Rxc6 28. bxc6+ Kxc6 29. Kd3 e5 30. f3 h5 31. h3 h4 32. Ra2 Ra6 33. Kc3 Kc5 34. Kb3 e4 35. fxe4 dxe4 36. Kc3 f5 37. Rf2 g6 38. Rf4 Rxa4 39. Rxh4 Ra3+ 40. Kd2 Ra2+ 41. Ke3 Rxg2 42. Rh8 Kd5 43. h4 Rg3+ 44. Kf2 f4 45. h5 e3+ 46. Ke2 Rg2+ 47. Kf1 Rf2+ 48. Ke1 gxh5 49. Rxh5+ Ke4 50. Rh8 Ra2 0-1

[Event "Kostroma Volga Cup op"]
[Site "Kostroma"]
[Date "2009.07.??"]
[Round "1"]
[White "Dmitriev, Valery"]
[Black "Dubov, Alexandr"]
[Result "0-1"]
[WhiteElo "1902"]
[BlackElo "2064"]
[PlyCount "98"]
[EventDate "2009.07.03"]
[EventType "swiss"]
[EventRounds "9"]
[EventCountry "RUS"]
[SourceTitle "EXT 2021"]
[Source "ChessBase"]
[SourceDate "2020.10.23"]
[SourceVersion "1"]
[SourceVersionDate "2020.10.23"]
[SourceQuality "1"]

1. e4 c6 2. d4 d5 3. Nc3 dxe4 4. Nxe4 Bf5 5. Ng3 Bg6 6. Nf3 Nd7 7. Bc4 e6 8. 0-0 Bd6 9. Re1 Ngf6 10. Nh4 Qc7 11. c3 0-0-0 12. Bg5 Bf4 13. Bxf4 Qxf4 14. Nf3 h5 15. Ne2 Qc7 16. g3 h4 17. Nf4 hxg3 18. hxg3 Be4 19. Bd3 g5 20. Ng2 Bxd3 21. Qxd3 Rh5 22. Kf1 Kb8 23. Qe3 Qb6 24. b3 Ng4 25. Qd2 c5 26. Nxg5 Nh2+ 27. Ke2 cxd4 28. c4 Ne5 29. Nxf7 Nxf7 30. Qf4+ Qc7 31. Qxc7+ Kxc7 32. Nf4 Re5+ 33. Kd3 Kd6 34. c5+ Kd7 35. b4 Nf3 36. Rh1 Rh8 37. Rxh8 Nxh8 38. Rh1 Nf7 39. Rh7 Rf5 40. Ng6 Rf6 41. Nh8 N3g5 42. Rg7 e5 43. Ng6 Rf3+ 44. Kc4 Ke6 45. Nf8+ Kf6 46. Rg6+ Ke7 47. Rg8 d3 48. Ng6+ Kf6 49. Nh4 d2 0-1

[Event "Kostroma Volga Cup op"]
[Site "Kostroma"]
[Date "2009.07.??"]
[Round "8"]
[White "Pilkin, Evgenii"]
[Black "Dmitriev, Valery"]
[Result "1-0"]
[WhiteElo "2045"]
[BlackElo "1902"]
[PlyCount "97"]
[EventDate "2009.07.03"]
[EventType "swiss"]
[EventRounds "9"]
[EventCountry "RUS"]
[SourceTitle "EXT 2021"]
[Source "ChessBase"]
[SourceDate "2020.10.23"]
[SourceVersion "1"]
[SourceVersionDate "2020.10.23"]
[SourceQuality "1"]

1. c4 f5 2. d4 d6 3. Nf3 Nf6 4. Nc3 g6 5. g3 Bg7 6. Bg2 0-0 7. 0-0 c6 8. Re1 Na6 9. a3 Bd7 10. Rb1 Rb8 11. Bg5 h6 12. Bxf6 Bxf6 13. e4 Bg7 14. Nh4 Qe8 15. exf5 gxf5 16. Qd3 Qf7 17. f4 Qf6 18. Rbd1 c5 19. dxc5 Nxc5 20. Qd5+ Kh7 21. Qd2 Nb3 22. Qe3 e5 23. Nd5 Qd8 24. Qxb3 e4 25. c5 dxc5 26. Rxe4 Bd4+ 27. Rexd4 cxd4 28. Rxd4 Be6 29. Qb4 Rf7 30. Nc3 Qc7 31. Nf3 Rd8 32. Rxd8 Qxd8 33. Ne5 Rc7 34. Bxb7 a5 35. Qb6 Qe7 36. Bf3 a4 37. Qd4 Qc5 38. Qxc5 Rxc5 39. Kf2 Bb3 40. Ke3 Kg7 41. Kd4 Rc7 42. Bc6 h5 43. Nxa4 Rxc6 44. Nxc6 Bxa4 45. Ne7 Kf6 46. Nd5+ Ke6 47. h4 Bc2 48. b4 Kd6 49. Ne3 1-0

[Event "Samara-ch"]
[Site "Samara"]
[Date "2009.04.30"]
[Round "9"]
[White "Porubov, Viatcheslav"]
[Black "Dmitriev, Valery"]
[Result "1/2-1/2"]
[WhiteElo "1856"]
[BlackElo "1902"]
[PlyCount "39"]
[EventDate "2009.04.07"]
[EventType "swiss"]
[EventRounds "9"]
[EventCountry "RUS"]
[SourceTitle "EXT 2012"]
[Source "ChessBase"]
[SourceDate "2011.11.24"]
[SourceVersion "1"]
[SourceVersionDate "2011.11.24"]
[SourceQuality "1"]

1. d4 d6 2. c3 Nf6 3. Nd2 Bf5 4. f3 e5 5. e4 Bg6 6. Qb3 b6 7. d5 Nbd7 8. Bb5 Be7 9. Bc6 Rb8 10. Qa3 a5 11. b4 axb4 12. cxb4 Nh5 13. Ne2 0-0 14. Nc4 Nf4 15. Nxf4 exf4 16. Bxf4 Bf6 17. Rc1 Bd4 18. Qd3 Bf6 19. 0-0 Be7 20. a4 1/2-1/2

[Event "Samara-ch"]
[Site "Samara"]
[Date "2009.04.24"]
[Round "6"]
[White "Kuznetsov, Mikhail"]
[Black "Dmitriev, Valery"]
[Result "1-0"]
[WhiteElo "2139"]
[BlackElo "1902"]
[PlyCount "109"]
[EventDate "2009.04.07"]
[EventType "swiss"]
[EventRounds "9"]
[EventCountry "RUS"]
[SourceTitle "EXT 2012"]
[Source "ChessBase"]
[SourceDate "2011.11.24"]
[SourceVersion "1"]
[SourceVersionDate "2011.11.24"]
[SourceQuality "1"]

1. e4 c5 2. Nf3 Nc6 3. d4 cxd4 4. Nxd4 d6 5. c4 Nf6 6. Nc3 g6 7. Be2 Bg7 8. Be3 Qa5 9. 0-0 h5 10. h3 Bd7 11. Nb3 Qd8 12. c5 dxc5 13. Nxc5 b6 14. Na6 Qc8 15. Nd5 Nxe4 16. Ndc7+ Kf8 17. Bf3 Nd6 18. Rc1 Qb7 19. Nxa8 Qxa6 20. Bxc6 Bxc6 21. Rxc6 Qb7 22. Rxd6 exd6 23. Qxd6+ Kg8 24. Nc7 Bxb2 25. Ne8 Kh7 26. Nf6+ Bxf6 27. Qxf6 Qd5 28. Bd4 Rg8 29. Re1 Qf5 30. Qxf5 gxf5 31. Re7 Kg6 32. Rxa7 b5 33. a3 Rd8 34. Bc5 Rd5 35. Bb4 f4 36. f3 Kf6 37. Kf2 Ke6 38. Ra6+ Kf5 39. Bc3 Rc5 40. Rf6+ Kg5 41. h4+ Kxh4 42. Rxf4+ Kg5 43. Bd2 Rc2 44. Rd4+ Kf5 45. Ke3 Ra2 46. Rd5+ Kg6 47. Rxb5 Rxa3+ 48. Kf4 Ra2 49. Rg5+ Kh6 50. Rd5 Kg6 51. Kg3 Ra6 52. Rg5+ Kf6 53. Rxh5 Ra2 54. Bf4 Kg6 55. Rd5 1-0

[Event "Samara-ch"]
[Site "Samara"]
[Date "2009.04.21"]
[Round "5"]
[White "Dmitriev, Valery"]
[Black "Yuriev, Alexander"]
[Result "0-1"]
[WhiteElo "1902"]
[BlackElo "1917"]
[PlyCount "128"]
[EventDate "2009.04.07"]
[EventType "swiss"]
[EventRounds "9"]
[EventCountry "RUS"]
[SourceTitle "EXT 2012"]
[Source "ChessBase"]
[SourceDate "2011.11.24"]
[SourceVersion "1"]
[SourceVersionDate "2011.11.24"]
[SourceQuality "1"]

1. e4 e5 2. Nf3 Nc6 3. Bc4 Be7 4. d4 d6 5. d5 Na5 6. Be2 b6 7. b4 Nb7 8. Bb5+ Bd7 9. Ba6 Rb8 10. c4 Nf6 11. Nc3 0-0 12. 0-0 c5 13. dxc6 Bxc6 14. Re1 Bd7 15. a4 Qc7 16. Bg5 Bc6 17. Qd3 Nd8 18. Bxf6 Bxf6 19. b5 Bd7 20. Rad1 Ne6 21. Nd5 Qc5 22. Nxf6+ gxf6 23. Qxd6 Qxd6 24. Rxd6 Nc5 25. Rxf6 Kg7 26. Rd6 f6 27. Nh4 Kf7 28. Red1 Be6 29. f3 Bxc4 30. Rd7+ Nxd7 31. Rxd7+ Ke6 32. Rxa7 Rf7 33. Rxf7 Kxf7 34. Nf5 Ke6 35. Kf2 Bb3 36. g3 Bxa4 37. f4 Bc2 38. Ke3 Kd7 39. Nh6 Kc7 40. Ng4 exf4+ 41. Kxf4 Rf8 42. Ne3 Bb3 43. Kf5 Rf7 44. Ng4 Rf8 45. Nxf6 Bc2 46. Ke6 Bb3+ 47. Kf5 Bc2 48. Ke5 Bb3 49. h4 Rf7 50. g4 Re7+ 51. Kf5 Be6+ 52. Kf4 Kd6 53. e5+ Kc5 54. Ne4+ Kd5 55. Nc3+ Kd4 56. Na4 Rf7+ 57. Kg5 Kxe5 58. Nxb6 Rf6 59. h5 h6+ 60. Kh4 Kf4 61. Bc8 Bb3 62. Nd7 Rd6 63. b6 Rd1 64. Kh3 Bd5 0-1

[Event "Samara-ch"]
[Site "Samara"]
[Date "2009.04.14"]
[Round "3"]
[White "Dmitriev, Valery"]
[Black "Sokolov, Vyacheslav"]
[Result "1-0"]
[WhiteElo "1902"]
[BlackElo "2103"]
[PlyCount "61"]
[EventDate "2009.04.07"]
[EventType "swiss"]
[EventRounds "9"]
[EventCountry "RUS"]
[SourceTitle "EXT 2012"]
[Source "ChessBase"]
[SourceDate "2011.11.24"]
[SourceVersion "1"]
[SourceVersionDate "2011.11.24"]
[SourceQuality "1"]

1. e4 e5 2. Nf3 d6 3. Bc4 Nf6 4. Ng5 d5 5. exd5 Bd6 6. d4 0-0 7. dxe5 Bxe5 8. f4 Bg4 9. Qd3 Bd6 10. 0-0 Re8 11. Be3 h6 12. Nf3 Nbd7 13. Nc3 Bc5 14. Bxc5 Nxc5 15. Qd4 Nce4 16. Ne5 Nxc3 17. Qxc3 Qd6 18. h3 Bf5 19. g4 Qc5+ 20. Kh2 Be4 21. Rad1 b5 22. b4 Qb6 23. Bb3 a5 24. bxa5 Rxa5 25. d6 Kh7 26. Bxf7 b4 27. Qd4 Qxd4 28. Rxd4 cxd6 29. Nd3 Re7 30. Bb3 Bb7 31. Rxd6 1-0

[Event "Samara-ch"]
[Site "Samara"]
[Date "2009.04.10"]
[Round "2"]
[White "Sevastianov, Viktor"]
[Black "Dmitriev, Valery"]
[Result "1-0"]
[WhiteElo "2018"]
[BlackElo "1902"]
[PlyCount "77"]
[EventDate "2009.04.07"]
[EventType "swiss"]
[EventRounds "9"]
[EventCountry "RUS"]
[SourceTitle "EXT 2012"]
[Source "ChessBase"]
[SourceDate "2011.11.24"]
[SourceVersion "1"]
[SourceVersionDate "2011.11.24"]
[SourceQuality "1"]

1. d4 g6 2. Nf3 Bg7 3. Bf4 d6 4. e3 Nf6 5. h3 0-0 6. Be2 a6 7. c4 c5 8. Nc3 cxd4 9. exd4 Nh5 10. Be3 f5 11. d5 f4 12. Bd4 e5 13. dxe6 Bxe6 14. Bxg7 Nxg7 15. Qd2 Nc6 16. Rd1 Ne5 17. b3 Qa5 18. Nd5 Qxd2+ 19. Rxd2 Bxd5 20. Rxd5 Nxf3+ 21. Bxf3 Rae8+ 22. Kd2 Rf6 23. a4 b6 24. a5 Rb8 25. axb6 Rxb6 26. Kc3 Nf5 27. Ra5 Rf8 28. Rha1 Rfb8 29. R1a3 Kg7 30. Rxa6 Nh4 31. Rxb6 Rxb6 32. Bd5 Rb8 33. Ra7+ Kh6 34. b4 Re8 35. b5 Re2 36. b6 Rxf2 37. b7 Nxg2 38. b8Q Ne3 39. Qf8+ 1-0

[Event "Samara-ch"]
[Site "Samara"]
[Date "2009.04.07"]
[Round "1"]
[White "Dmitriev, Valery"]
[Black "Rykov, Ivan"]
[Result "1-0"]
[WhiteElo "1902"]
[BlackElo "2261"]
[PlyCount "51"]
[EventDate "2009.04.07"]
[EventType "swiss"]
[EventRounds "9"]
[EventCountry "RUS"]
[SourceTitle "EXT 2012"]
[Source "ChessBase"]
[SourceDate "2011.11.24"]
[SourceVersion "1"]
[SourceVersionDate "2011.11.24"]
[SourceQuality "1"]

1. e4 c5 2. Nf3 d6 3. d4 cxd4 4. Nxd4 Nf6 5. Nc3 Nc6 6. Bb5 Bd7 7. 0-0 e6 8. Be3 Be7 9. f4 0-0 10. Nxc6 bxc6 11. Bd3 e5 12. f5 d5 13. exd5 cxd5 14. Bg5 e4 15. Be2 Qb6+ 16. Kh1 Qxb2 17. Nxd5 Nxd5 18. Bxe7 Ne3 19. Qxd7 Nxf1 20. Rxf1 Rfe8 21. Bc4 Qb6 22. Bxf7+ Kh8 23. Bxe8 Rb8 24. f6 gxf6 25. Bf7 Qf2 26. Bc4 1-0

[Event "Samara op"]
[Site "Samara"]
[Date "2008.12.08"]
[Round "4"]
[White "Dmitriev, Valery"]
[Black "Frolova, Lubov"]
[Result "1-0"]
[WhiteElo "1905"]
[BlackElo "1749"]
[PlyCount "64"]
[EventDate "2008.12.05"]
[EventType "swiss"]
[EventRounds "9"]
[EventCountry "RUS"]
[SourceTitle "CBM 127 Extra"]
[Source "ChessBase"]
[SourceDate "2009.01.08"]
[SourceVersion "2"]
[SourceVersionDate "2009.01.28"]
[SourceQuality "1"]

1. e4 c6 2. d4 d5 3. e5 e6 4. Nf3 c5 5. Bb5+ Bd7 6. Bxd7+ Nxd7 7. 0-0 cxd4 8. Qxd4 Bc5 9. Qg4 g6 10. Nc3 h5 11. Qf4 Nh6 12. b4 Be7 13. a4 Nf5 14. g4 hxg4 15. Qxg4 Nh4 16. Nxh4 Rxh4 17. Qg3 Rxb4 18. Ba3 Rc4 19. Nb5 Rxc2 20. Bxe7 Qxe7 21. Nd6+ Kf8 22. Ra3 Kg7 23. f4 Rh8 24. f5 Kf8 25. fxg6 f5 26. exf6 Nxf6 27. Qe5 Rhxh2 28. Rxf6+ Kg8 29. Raf3 Rhe2 30. Rf8+ Qxf8 31. Rxf8+ Kxf8 32. Qf6+ Kg8 1-0

[Event "Dimitrovgrad op"]
[Site "Dimitrovgrad"]
[Date "2008.08.08"]
[Round "6"]
[White "Bezvitelnov, Dmitriy"]
[Black "Dmitriev, Valery"]
[Result "0-1"]
[WhiteElo "1689"]
[BlackElo "1952"]
[PlyCount "87"]
[EventDate "2008.08.05"]
[EventType "swiss"]
[EventRounds "9"]
[EventCountry "RUS"]
[SourceTitle "EXT 2022"]
[Source "ChessBase"]
[SourceDate "2021.10.06"]
[SourceVersion "1"]
[SourceVersionDate "2021.10.06"]
[SourceQuality "1"]

1. d4 g6 2. c4 Bg7 3. Nc3 d6 4. e4 Nf6 5. Nf3 0-0 6. Bd3 a6 7. 0-0 Nbd7 8. Be3 Ng4 9. h3 Nxe3 10. fxe3 e5 11. Qd2 c6 12. Qf2 b5 13. a3 Rb8 14. b4 Bb7 15. Qg3 Qe7 16. a4 bxc4 17. Bxc4 exd4 18. exd4 d5 19. exd5 Qe3+ 20. Qf2 Qxc3 21. dxc6 Qxc4 22. cxd7 Bxf3 23. Qxf3 Bxd4+ 24. Kh1 Bxa1 25. Rxa1 Qxb4 26. Qf6 Qb2 27. Qxb2 Rxb2 28. Rd1 Rd8 29. Rd6 Rb7 30. Rxa6 Rdxd7 31. Rc6 Ra7 32. Rc4 Rd3 33. Kh2 Ra3 34. Rb4 R7xa4 35. Rb2 Ra2 36. Rb3 Rf2 37. Rg3 Raa2 38. Kh1 Rf1+ 39. Kh2 h5 40. h4 Raa1 41. Re3 Ra4 42. Rh3 Rff4 43. g3 Rf2+ 44. Kg1 0-1